|
|
|
|
| LEADER |
00000nam a2200000 a 4500 |
| 001 |
vtls001478202 |
| 003 |
SK-MaSNL |
| 005 |
20260302073608.0 |
| 008 |
251113s2003 xo a 0 hun |
| 015 |
|
|
|a SNBE2004/03-01329
|
| 020 |
|
|
|a 8080563640
|
| 035 |
|
|
|a SNK000433502
|
| 040 |
|
|
|a SNK
|b slo
|c SNK
|e AACR2
|
| 041 |
0 |
|
|a hun
|
| 043 |
|
|
|a e-xo---
|
| 044 |
|
|
|a xo
|c SK
|
| 072 |
|
7 |
|a 913(4)
|x Geografia Európy, reálie, cestovanie
|2 konspekt
|
| 080 |
|
|
|a 908(437.61)
|2 1981
|
| 080 |
|
|
|a (036)
|2 1981
|
| 080 |
|
|
|a 908(437.61)(083.9)=511.141
|2 2. slo
|
| 245 |
1 |
|
|a Perbete
|b az esztergomi érsekség faluja
|c [Resko Sándor, Gellérthegyi László ; munkatársak: Vojtech Kasás, Darina Majdúchová, Papp Dániel ; fordította: Dobi Géza]
|
| 250 |
|
|
|a [1. kiad.]
|
| 260 |
|
|
|a Komárom
|b KT
|c 2003
|
| 300 |
|
|
|a 16 s.
|b fotogr., mp.
|c 17 x 12 cm
|
| 490 |
1 |
|
|a Honismereti Kiskönyvtár
|v sz. 134
|
| 500 |
|
|
|a Súbež. tir. slov.
|
| 500 |
|
|
|a Obalový názov
|
| 650 |
0 |
7 |
|a vlastiveda
|2 SNKPH
|9 3887
|
| 651 |
|
7 |
|a Komárno (Slovensko : okres)
|2 SNKPH
|9 15954
|
| 651 |
|
7 |
|a Pribeta (Slovensko)
|2 SNK
|9 98256
|
| 655 |
|
7 |
|a informačné publikácie
|2 SNK
|9 70181
|
| 655 |
|
7 |
|a informačné publikácie
|2 SNK
|9 70181
|
| 700 |
1 |
|
|a Kasáš, Vojtech
|4 spo
|9 395794
|
| 700 |
1 |
|
|a Majdúchová, Darina
|4 spo
|9 395795
|
| 700 |
1 |
|
|a Papp, Dániel
|4 spo
|9 395796
|
| 700 |
1 |
|
|a Dobi, Géza,
|d 1937-
|4 trl
|9 41938
|
| 700 |
1 |
|
|a Reško, Alexander
|4 akp
|9 12942
|
| 700 |
1 |
|
|a Gellérthegyi, Ladislav
|4 akp
|9 395793
|
| 830 |
|
0 |
|a Honismereti Kiskönyvtár
|9 276527
|
| 919 |
|
|
|a 80-8056-364-0
|
| 958 |
|
|
|a OP
|
| 999 |
|
|
|c 1161512
|d 1163442
|
| 952 |
|
|
|t P60, <03>, [BOOK], {603}
|a SNK
|b SNK
|y PREZ
|7 0
|p 17A0435123
|o snkOSD 8777
|i snkKSP 9095/2004
|0 0
|1 0
|4 0
|d 2004-07-12
|l 0
|r 2005-01-02 00:00:00
|w 2026-02-24
|
| 952 |
|
|
|t P60, <04>, [BOOK], {604}
|a SNK
|b SNK
|y VYP
|7 0
|p 17A0435068
|o snkOSD 8777 D1
|i snkKSP 9096/2004
|0 0
|1 0
|4 0
|d 2004-07-12
|l 0
|r 2005-01-02 00:00:00
|w 2026-02-24
|